Fill the Lyrics! #1 - Statistics

General Stats
  • This quiz has been taken 15 times
  • The average score is 4 of 10
Answer Stats
Answer % Correct
Hey, I just met you and this is crazy but here's my number, so call me maybe.
77%
Did you enjoy this quiz? Yes! YIPPEE-(Explodes)
77%
I believe I could fly I believe I could touch the sky.
69%
West Virgina mountain mama take me home, country roads.
62%
All you gotta do is just meet me at the 아파트, 아파트, 아파트, 아파트
31%
I can't relate, to desperation my give-a-fucks, are on vacation.
31%
The angels up in the clouds, are jealous, knowin' we found.
23%
I heard, that there's a a special place where boys and girls can all be queens every single day.
23%
In this world, concrete flowers grow heartache, she only doin' what she know.
15%
Choose the road on the west side as dust flies, watch it burn.
8%
No matching quizzes found
Score Distribution
Percent of People with Each Score
Percentile by Number Answered
Your Score History
You have not taken this quiz